00695nam a2200181Ia 450000500170000000800410001702000180005808200200007610000390009624500650013525000120020026000390021244000090025165000280026094200070028899900190029595201990031420241114164144.0240126s9999 xx 000 0 und d a9781292023557 a519.5 LAR;1 R aLarsen, Richard J. Marx, Morris L. 0aIntroduction to mathematical statistics and its applications a5th ed. bPearson EducationaEdinburghc2014 aNULL amathematical,statistics cPU c280791d280791 r2024-01-26 00:00:00l0o519.5 LAR;1 RpPU6771W30h(06/07/1905)v3226.83w2024-01-26yPU1040708CL00K1220aMLbMLcCLd2017-03-10eSurya Book Supplierg52.99ECDSGPOUNDF87V15.9URupees